Statistics for Квиз о Јерменији

Click here to take the quiz!

General Stats

  • This quiz has been taken 67 times
  • The average score is 14 of 19

Answer Stats

ОписОдговор% Correct
Главни градЈереван
100%
Граничне државеАзербејџан
100%
Граничне државеГрузија
100%
Држава чији је део била до 1991.Совјетски Савез
98%
Граничне државеТурска
97%
Граничне државеИран
92%
Државе у којима живи највећи број људи јерменског пореклаРусија
92%
Енглески језик их има 26, грчки 24, а јерменски језик их има 39Слова
92%
Планински венац у коме се налазиКавказ
90%
Око 300. године, Јерменија је постала прва држава која је узела ову религију за званичну у целој државиХришћанство
88%
Царство које је починило геноцид над Јерменима, 1914–1923Османско царство
81%
У Јерменији се налази најстарије место са константном производњом овог пића (4100 п.н.е)Вино
75%
Јерменија има највише велемајстора по глави становника у овом спорту
* међу државама са преко милион становника
Шах
73%
Државе у којима живи највећи број људи јерменског пореклаСједињене Америчке Државе
64%
Висока планина у суседној држави која је симбол ЈерменијеАрарат
58%
За ово воће се верује да потиче из Јерменије (почиње на слово К)Кајсија
41%
Државна валутаДрам
5%
Језеро које чини 4% укупне површине државеСеван
3%
Назив државе на јерменском језику{Хаја}стан
3%

Score Distribution

Percentile by Number Answered

Percent of People with Each Score

Your Score History

You have not taken this quiz